El ingenioso hidalgo don Quijote de la Mancha (Registro nro. 19697)

Detalles MARC
000 -CABECERA
Longitud fija campo de control 00530nam a2200181 i 4500
003 - IDENTIFICADOR DELl NÚMERO DE CONTROL
Identificador del número de control OSt
005 - FECHA Y HORA DE LA ÚLTIMA TRANSACCIÓN
Fecha y hora de la última transacción 20150318145820.0
008 - CÓDIGOS DE INFORMACIÓN DE LONGITUD FIJA
Códigos de información de longitud fija 020226s2004 esp 0011 spa d
020 ## - NÚMERO INTERNACIONAL NORMALIZADO PARA LIBROS
Número Internacional Normalizado para Libros (ISBN) 84-413-2053-5 (V. 1)
040 ## - FUENTE DE LA CATALOGACIÓN
Centro transcriptor BMC
082 ## - NÚMERO DE LA CLASIFICACIÓN DECIMAL DEWEY
Númeroo de clasificación 863
100 1# - PUNTO DE ACCESO PRINCIPAL-NOMBRE DE PERSONA
9 (RLIN) 63
Nombre de persona Cervantes Saavedra, Miguel
Fechas asociadas al nombre 1547-1616
245 13 - MENCIÓN DE TÍTULO
Título El ingenioso hidalgo don Quijote de la Mancha
Mención de responsabilidad, etc. Miguel de Cervantes Saavedra
260 ## - PUBLICACIÓN, DISTRIBUCIÓN, ETC. (PIE DE IMPRENTA)
Lugar de publicación, distribución, etc. [Madrid]
Nombre del editor, distribuidor, etc. Folio
Fecha de publicación, distribución, etc. cop. 2004
300 ## - DESCRIPCIÓN FÍSICA
Extensión 318 p.
Dimensiones 18 cm
650 24 - PUNTO DE ACCESO ADICIONAL DE MATERIA - TÉRMINO DE MATERIA
9 (RLIN) 29289
Término de materia o nombre geográfico como elemento inicial Novela española
942 ## - ENTRADA DE ELEMENTOS AGREGADOS (KOHA)
Fuente de clasificaión o esquema Dewey Decimal Classification
Koha [por defecto] tipo de item 1- Monografias
Parte de clasificación ahoj
Existencias
Suprimido Perdido Fuente de clasificación o esquema Estropeado Restricciones de uso No para préstamo Código de colección Localización permanente Localización actual Localización en estanter&íacute;as Fecha adquisición Fuente de adquisición Número de inventario Préstamos totales Signatura completa Código de barras Fecha última consulta Fecha último préstamo Coste, precio reemplazado Fecha del precio de reemplazo Tipo de item de Koha
NULL NULL Dewey Decimal Classification NULL Prestable NULL NULL Biblioteca Miguel de Cervantes - UNICAES Biblioteca Miguel de Cervantes - UNICAES Sala Principal 20/03/2015 Donación - ADESH 029263 4 N CER ing 1029916 11/05/2026 08/05/2026 12.00 20/03/2015 1- Monografias